<?xml version="1.0" encoding="UTF-8"?><?xml-stylesheet type="text/xsl" href="static/style.xsl"?><OAI-PMH xmlns="http://www.openarchives.org/OAI/2.0/" xmlns:xsi="http://www.w3.org/2001/XMLSchema-instance" xsi:schemaLocation="http://www.openarchives.org/OAI/2.0/ http://www.openarchives.org/OAI/2.0/OAI-PMH.xsd"><responseDate>2026-04-13T19:54:13Z</responseDate><request verb="GetRecord" identifier="oai:www.recercat.cat:10459.1/83134" metadataPrefix="marc">https://recercat.cat/oai/request</request><GetRecord><record><header><identifier>oai:recercat.cat:10459.1/83134</identifier><datestamp>2024-12-05T22:25:42Z</datestamp><setSpec>com_2072_3622</setSpec><setSpec>col_2072_479130</setSpec></header><metadata><record xmlns="http://www.loc.gov/MARC21/slim" xmlns:dcterms="http://purl.org/dc/terms/" xmlns:xsi="http://www.w3.org/2001/XMLSchema-instance" xmlns:doc="http://www.lyncode.com/xoai" xsi:schemaLocation="http://www.loc.gov/MARC21/slim http://www.loc.gov/standards/marcxml/schema/MARC21slim.xsd">
   <leader>00925njm 22002777a 4500</leader>
   <datafield ind2=" " ind1=" " tag="042">
      <subfield code="a">dc</subfield>
   </datafield>
   <datafield ind2=" " ind1=" " tag="720">
      <subfield code="a">Casals Bergés, Quintí</subfield>
      <subfield code="e">author</subfield>
   </datafield>
   <datafield ind2=" " ind1=" " tag="260">
      <subfield code="c">2022-04-20T10:42:33Z</subfield>
   </datafield>
   <datafield ind2=" " ind1=" " tag="260">
      <subfield code="c">2022-04-20T10:42:33Z</subfield>
   </datafield>
   <datafield ind2=" " ind1=" " tag="260">
      <subfield code="c">2022</subfield>
   </datafield>
   <datafield ind2=" " ind1=" " tag="520">
      <subfield code="a">María Lois nació el 5 de septiembre de 1896 en Borjas Blancas, provincia de Lérida, despuntó cursando el bachillerato en el Liceo&#xd;
Escolar de Lérida, un centro fundado en 1906 por Frederic Godàs Legido (Lérida, 1897-Senaillac, 1920) y su mujer, Victoria Vila Badia&#xd;
(1883-1962). El Liceo fue una escuela ejemplar, donde por primera vez la educación de la mujer casi se contemplaba en igualdad de&#xd;
condiciones con la del hombre. En enero de 1913, María Lois era una destacada alumna de sexto de bachillerato que, incluso, se atrevía&#xd;
a pronunciar una conferencia en el salón de actos del Liceo sobre el feminismo. En su disertación, Lois defendía el derecho de la mujer&#xd;
a ser diputada y trabajar, pero lamentaba la poca consideración legal que tenía en ese momento. María Lois terminó sus estudios en el&#xd;
Liceo Escolar y se examinó, el 20 de junio de 1913, en el Instituto de Bachillerato de Lérida, superando las dos pruebas para obtener el&#xd;
grado de bachiller con un aprobado y un excelente.&#xd;
Detrás quedaba un impresionante expediente académico con 13 premios y 25 excelentes de 28 asignaturas. El curso siguiente,&#xd;
1913-1914, ingresaba en la Facultad de Filosofía y Letras de la Universidad de Barcelona. Dos años después, en junio de 1915, se&#xd;
convertía en una de las primeras licenciadas en Filosofía y Letras españolas, superando la carrera con cinco matrículas de honor, cinco&#xd;
excelentes, tres notables y tres aprobados. En septiembre de ese año, era distinguida como la primera mujer en obtener un premio&#xd;
extraordinario de fin de carrera en Letras; un hito que recogía la revista madrileña La Esfera, que le dedicaba un reportaje&#xd;
acompañado de una fotografía. Su examen de grado consistió en dos temas: “Virgilio, análisis crítico de sus obras” y “Unión de las&#xd;
oraciones en la construcción griega”, que superó con buena nota.&#xd;
Este éxito le sirvió para ser elegida como la primera secretaria de la Escuela Superior de Bibliotecarias de Cataluña, ubicada en el&#xd;
Edificio del Reloj de la Escuela Industrial de Barcelona. Por otro lado, su conocimiento sobre Oriente Medio le valió el ingreso en la&#xd;
Oficina de Estudios Orientales de la Sección Filológica del Instituto de Estudios Catalanes en 1917.</subfield>
   </datafield>
   <datafield ind1="8" ind2=" " tag="024">
      <subfield code="a">http://hdl.handle.net/10459.1/83134</subfield>
   </datafield>
   <datafield tag="653" ind2=" " ind1=" ">
      <subfield code="a">Lois López, Maria, 1896-1933</subfield>
   </datafield>
   <datafield tag="653" ind2=" " ind1=" ">
      <subfield code="a">Biografies</subfield>
   </datafield>
   <datafield tag="653" ind2=" " ind1=" ">
      <subfield code="a">Dones en l'ensenyament -- Catalunya -- S. XX</subfield>
   </datafield>
   <datafield ind2="0" ind1="0" tag="245">
      <subfield code="a">Lois López, María. Borjas Blancas (Lérida), 5.IX.1896 – San Baudilio de Llobregat (Barcelona), 17.IX.1933. Profesora de Biblioteconomía</subfield>
   </datafield>
</record></metadata></record></GetRecord></OAI-PMH>